00507nam a2200145Ia 4500008004100000100002200041245013700063245002200200260005900222260000900281300001200290650001800302650001500320856002600335170221s9999 xx 000 0 und d aLevi Zeleza Manda aWhat Makes Radio Listening Clubs as a Participatory Communication for Development Platform Work? A Case Study of Monkey Bay, Malawi  cLevi Zeleza Manda bOnline Journal of Communication and Media Technologies c2014 a34 : 16 xCommunication xMedia Arts uhttp://www.ojcmt.net/